000 00594nam a2200277Ia 4500
005 20260401122314.0
008 008 250103s9999 xx 000 0 eng d
020 _a9780195669091
037 _aTB
040 _aEDL
040 _beng
040 _cEDL
041 _2eng
041 _aeng
084 _aIn821.2 CHA
084 _qEDL
245 0 _aDerozio, Poet of India
260 _aNew Delhi
260 _bOxford University Press
260 _c2008
300 _a475p
942 _cTB
942 _hIn821.2 CHA
999 _c1846386
_d1846386